000 00937cab a2200265 4500
001 ABS68485
008 041105n2004 000 0 eng u
035 _a(Sirsi) u127910
100 _aSheridan, P.
245 _aIt's time to get tough
260 _c2004
490 _aWastes Management
_vOctober 2004, 51(1)
520 _aDescribes how the European Commission is increasing pressure on member states to implement and enforce existing EU waste law. Concludes that standardising waste regulations across Europe would create a more competitive market for local operators.
590 _aABS
650 _aEUROPEAN COMMISSION
650 _aEUROPEAN UNION
650 _aWASTE INDUSTRY
650 _aWASTE INDUSTRY
650 _aWASTE REGULATIONS
650 _aEC REGULATIONS
650 _aWASTE MANAGEMENT COMPANIES
690 _aENVIRONMENTAL AND LAND CONSULTANCY-WASTE MANAGEMENT
700 _aRyan, A.
942 _n0
999 _c74593
_d74593